|
|
|
|
| LEADER |
00000cam a2200000 7i4500 |
| 001 |
0000044765 |
| 005 |
20230125.0 |
| 008 |
150118 |
| 020 |
|
|
|a 9670618197
|
| 020 |
|
|
|a 9789670618197
|
| 090 |
0 |
0 |
|a JF
|b REG MAL
|
| 100 |
1 |
|
|a Abu Alifinzie Nurmisuarie
|c Dkk
|
| 245 |
1 |
0 |
|a Rukun islam
|c Abu Alifinzie Nurmisuarie; translated: Zukifli Barkatullah
|
| 260 |
|
|
|a Selangor :
|b Darul Mughni Publisher ,
|c 2014
|
| 490 |
1 |
|
|a Buku teras anak islam
|
| 500 |
|
|
|a Children ages 7-9 years old (orange)
|
| 650 |
|
0 |
|a Islam
|x Doctrines
|x Juvenile literature
|
| 650 |
|
0 |
|a Pillar of Islam
|x Juvenile literature
|
| 999 |
|
|
|a 0001303301
|b Book
|c Children Collection
|e Cawangan Sri Merlong
|
| 999 |
|
|
|a 0001303302
|b Book
|c Children Collection
|e Cawangan Pontian
|
| 999 |
|
|
|a 0001303304
|b Book
|c Children Collection
|e Cawangan Mersing
|
| 999 |
|
|
|a 0001303307
|b Book
|c Children Collection
|e Cawangan Muar
|
| 999 |
|
|
|a 0001303309
|b Book
|c Children Collection
|e Cawangan Bukit Gambir
|
| 999 |
|
|
|a 0001303310
|b Book
|c Children Collection
|e Cawangan Segamat
|
| 999 |
|
|
|a 0001303311
|b Book
|c Children Collection
|e Cawangan Tmn. Ungku Tun Aminah
|
| 999 |
|
|
|a 000160300
|b Book
|c Children Collection
|e Cawangan Bandar Tenggara
|